US Cities bordering each other - Statistics

General Stats
  • This quiz has been taken 36 times
  • The average score is 13 of 23
Answer Stats
Total Population Larger City Smaller City % Correct
732,529 Minneapolis Saint Paul
88%
4,305,359 Los Angeles Long Beach
85%
692,761 Virginia Beach Norfolk
76%
486,358 Chesapeake Norfolk
76%
548,266 Las Vegas North Las Vegas
73%
567,854 Newark Jersey City
70%
1,328,294 Fort Worth Arlington
67%
754,651 Raleigh Durham
67%
1,867,322 Phoenix Scottsdale
67%
1,100,810 Denver Aurora
61%
708,941 Virginia Beach Chesapeake
61%
1,874,199 Phoenix Glendale
52%
1,904,027 Phoenix Chandler
48%
788,933 Mesa Chandler
48%
1,658,831 San Diego Chula Vista
48%
782,611 Mesa Gilbert
45%
552,594 Chandler Gilbert
45%
1,576,710 Dallas Plano
39%
1,542,655 Dallas Irving
33%
1,189,706 Fort Worth Irving
33%
1,530,492 Dallas Garland
27%
618,472 Santa Ana Irvine
27%
1,211,003 San Jose Fremont
24%
No matching quizzes found
Score Distribution
Percent of People with Each Score
Percentile by Number Answered
Your Score History
You have not taken this quiz